| 000 | 00390nam a22001697a 4500 | ||
|---|---|---|---|
| 005 | 20180606115327.0 | ||
| 008 | 160615b xxu||||| |||| 00| 0 eng d | ||
| 020 | _a81-8412-035-4 | ||
| 041 | _aeng | ||
| 082 |
_b7701 _a650.01513 |
||
| 100 |
_aVerma, A.P. _94331 |
||
| 245 | _aBusiness mathematics | ||
| 260 | _bAsian Prals | ||
| 300 | _a26.322 | ||
| 650 |
_aManagement _9241 |
||
| 942 | _cBK | ||
| 999 |
_c2750 _d2749 |
||